MDQL
is popping MORE tags! Check the
thread
!
Quizzes
Events
Quiz Creation
Community
Videos
Private Events
Remove Ads
Sign In
Join for FREE
Feedback
Dark Mode
Quiz Categories
Sports
Geography
Music
Movies
Television
Just For Fun
Miscellaneous
History
Literature
Language
Science
Gaming
Entertainment
Religion
Holiday
For Kids
Quiz Lab
Recent
Popular Today
Quiz Kudos Today
Editor Picks
Curator Picks
Quizzes by...
Day
Popularity
Type
Ratings
Length
Year
Community
Subscriptions
Recent Discussions
Orange Saloon
Badges
Playlists
Quests
Create
Leaderboards
Showdown
Live 5
Trivia Bingo
Activity
Puzzle Library
Sporcle Events
Private Events
Virtual Trivia
Globe League
Become a Host
Pub Owners
SporcleCon
Opinionation
Our Games
Videos
Blog
Mobile Apps
Partnerships
Remove Ads and Go Orange
Feedback
Science
Computer
Plants
Astronomy
Chemistry
Elements
Math
Animal
Physics
Anatomy
Biology
Geology
General Science
Science
Computer
Plants
Astronomy
Chemistry
Elements
Math
Animal
Physics
Anatomy
Biology
Geology
General Science
Random Quiz
Search Sporcle
×
Quiz Lab
Quiz Lab
Science
test
Type in answers that appear in a list
Type in answers that appear in a list
Classic
Best Score? Go Orange.
Spinal Cord Test Review Stats
Can you name the Spinal Cord Test Review
By
domopom
10m
35 Questions
16 Plays
16 Plays
16 Plays
Comments
Comments
Give Quiz Kudos
Give Quiz Kudos
-
- Ratings
hide this ad
Replay
Link that replays current quiz
Next Quiz
Link to next quiz in quiz playlist
You Got
0%
They Got
Avg Score
33%
Avg Friend Score
Upgrade to see
Score Distribution
Jump to the score distribution portion of the page
Score
0/35
Timer
10:00
0
Plays Today
Hint
Answer
% Correct
What is the cell body of a neuron called?
Perikaryon
62.5%
A neuron's nucleus is missing what structure?
Mitotic Apparatus
56.3%
Where are ribosomes located in neurons?
Nissl Bodies
56.3%
what is the largest lamina?
VII
56.3%
extensive ascending, descending, proprospinal connections
VII
56.3%
how many spinal segments are there?
31
50%
how many spinal nerves are there?
31
50%
how many vertebrae are there?
33
50%
Laminae I-
IV receive _
_
_
_
afferents
cutaneous
50%
Axon terminals are also called what?
Telodendria
43.8%
segment where collective effects of receptor segment can trigger an AP?
Initial segment
43.8%
what is the deepest lamina?
IX
43.8%
lamina with alpha and gamma neurons
IX
43.8%
solid part of the spinal cord around T12/
L1
Conus Medularis
37.5%
non nervous fivers apart of covering of spinal cord, anchor the cord down
filum terminale
37.5%
Ascending tracts going from somatic receptors from spinal cord/
brain stem are _
_
_
_
orders
1
37.5%
Ascending tracts going from somatic receptors from spinal cord/
brain stem are _
_
_
_
orders
2
37.5%
Ascending tracts going from thalamus to primary somatosensory area are _
_
_
_
orders
3
37.5%
Hint
Answer
% Correct
lamina around the central canal
X
31.3%
segment that release Ach
transmissive segment
25%
most superficial covering of the spinal cord
bony vertebra
25%
laminae V-
VI receive _
_
_
_
afferent
corticospinals
25%
propriospinal interneruons, descending connections
VIII
25%
pathway responsible for conscious proprioception and tactile sensations
DC
25%
the cell body of a sensory neuron
trophic segment
18.8%
channel that opens up by some kind of demfority (pressure, temperatur, chemical stimulus)
modality
18.8%
pathway conveying tickle, itch, crude touch
anterior spinothalamic
18.8%
pathway conveying proprioceptive info with only first and second order neurons
cerebellar
18.8%
segment that senses, recieves, and integrates impulses
receptor segment
12.5%
the conus medularis leads into?
cuada equina
12.5%
what is the most superficial lamina?
I
12.5%
being able to identify an object by touch with eyes close
stereognosis
12.5%
pathway conveying pain and temparature
lateral spinothalamic pathway
12.5%
convey proprioceptive info from trunk and upper extremities
cuneocereballar
12.5%
convey proprioceptive info from trunk and lower extremities
poterior cerebellar
6.3%
Quiz Playlist
Details
Report
Send in Message
Add To Playlist
Classic:
Type in answers that appear in a list
Last Updated: Feb 16, 2017
Quiz Scoreboard
CHALLENGE
Sign Up to Join the Scoreboard
Show All
Scores
Hide
Comments
May contain spoilers
Recently Published
Two Season TV Shows II
by 123Four
Television
10m
Image Sorting: Flags VI
by Barbecue
Geography
2m
Find the 'City' Movie
by crazypaving
Movies
60s
More to Explore
Quiz From the Vault
Featured Blog Post
14 Easter Pick-up Lines to Find Eggs With
hide this ad
You Might Also Like...
Tags
cord
Review
spinal
test
Today's Top Quizzes in Science
Browse Science
hide this ad
Today's Top Quizzes in test
Browse test
Top Contributed Quizzes in Science
1
Mitosis Sporcle for Escape Room
2
Windmill: Elements
3
200 Vogels in Nederland
4
Glycolysis
5
Elements In Images
6
Periodic Table of Elements by Abbreviations
7
Square Numbers Scrambled (1-50)
8
Quick Pick: 'CI-CJ' Animals
9
4-letter Elementary Words III
10
The First 100 Digits of Pi
Explore More
Trending Topics
Disney
Marvel
NBA
Anime
Crossword
Harry Potter
Kpop
Pokémon
WWE
Country
Soccer
Puzzle
NFL
The Office
Song
hide this ad
More By:
domopom
Quiz
Plays
Rating
Category
Featured
Created
Spinal Cord Test Review
16
Science
Oct 15, 2013
Spinal Cord Test Review Edit
3
Science
Oct 19, 2013
Go to Creator's Profile
Score Distribution
Quiz Creator Spotlight
domopom
Follow
Send a Message
Quizzes Created
-
Created Quiz Play Count
-
More By This Creator
Popular Quizzes Today
1
Find the US States - No Outlines Minefield
2
Colored Red Africa Blitz
3
Find the 'City' Movie
4
5x2 Blitz: Bands
5
The Countries of the World
6
Find the Countries of Europe - No Outlines Minefield
7
Find the US States
8
US States
More Science Quizzes
30 Second Math
Published
Trending Quizzes
Colored Red Europe Blitz I
Colored Red Africa Blitz II
Colored Red Europe Blitz II
Even More Two Season TV Shows
Colored Red Africa Blitz III
Recently Updated
March Madness Men's Triple Doubles
pecheneg
How Do You Spell That?
pecheneg
Godzilla Movies
pecheneg
Grab Bag: 4-10 Letters
pecheneg
2024 March Madness Bracket
pecheneg
Famous TV Couples
Peacemaker
Champions League XIs: Real Madrid
pecheneg
Largest US Cities 1790-2010
pecheneg
Rides in Walt Disney World
pecheneg
Most Oscar Losses (Acting)
pecheneg
Trending Topics
Harry Potter
Crossword
NBA
Kpop
Disney
Anime
Marvel
WWE
The Office
Song
Pokémon
Soccer
Puzzle
NFL
Country
Your Account Isn't Verified!
In order to create a playlist on Sporcle, you need to verify the email address you used during registration. Go to your
Sporcle Settings
to finish the process.
Report this User
Report this user for behavior that violates our
Community Guidelines
.
Details:
Send Report
Go to the Sporcle.com Mobile Site →
Comments